[Event "World Blitz Women 2022"]
[Site "Almaty KAZ"]
[Date "2022.12.30"]
[Round "16.4"]
[White "Dzagnidze, Nana"]
[Black "Kosteniuk, Alexandra"]
[Result "1/2-1/2"]
[WhiteTitle "GM"]
[BlackTitle "GM"]
[WhiteElo "2517"]
[BlackElo "2520"]
[WhiteFideId "13601903"]
[BlackFideId "4128125"]
[EventDate "2022.12.29"]

1. d4 f5 2. g3 Nf6 3. Bg2 g6 4. c4 Bg7 5. Nc3 d6 6. Nf3 O-O 7. O-O a5 8. b3 e5
9. dxe5 dxe5 10. Ba3 Qxd1 11. Rfxd1 Re8 12. Rac1 e4 13. Nd4 Na6 14. e3 c6 15.
Na4 Nb4 16. Rd2 Nd3 17. Rcd1 Nd7 18. Bf1 N7e5 19. f4 Ng4 20. Nc2 b5 21. Nb6 Rb8
22. Nxc8 Rbxc8 23. Bxd3 exd3 24. Rxd3 bxc4 25. bxc4 Re4 26. h3 Rxc4 27. hxg4
Rxc2 28. Rd8+ Rxd8 29. Rxd8+ Kf7 30. Rd7+ Kg8 31. Rd8+ Kf7 32. Rd7+ Kg8 33. Rd8+
Kf7 1/2-1/2

[Event "World Blitz Women 2022"]
[Site "Almaty KAZ"]
[Date "2022.12.30"]
[Round "16.5"]
[White "Lagno, Kateryna"]
[Black "Arabidze, Meri"]
[Result "1/2-1/2"]
[WhiteTitle "GM"]
[BlackTitle "IM"]
[WhiteElo "2563"]
[BlackElo "2427"]
[WhiteFideId "14109336"]
[BlackFideId "13604040"]
[EventDate "2022.12.29"]

1. e4 c5 2. Nf3 e6 3. d4 cxd4 4. Nxd4 Nc6 5. Nc3 Qc7 6. Be3 a6 7. Be2 Nf6 8. O-O
Be7 9. f4 d6 10. a4 O-O 11. Kh1 Bd7 12. Nb3 Na5 13. Nd2 Rab8 14. Bd3 b5 15. axb5
axb5 16. e5 Ne8 17. Qh5 f5 18. exd6 Bxd6 19. Qe2 b4 20. Nb5 Bxb5 21. Bxb5 Nf6
22. Bd4 Kh8 23. Bd3 Nc6 24. Be3 Nd5 25. Ra6 Rbc8 26. Nc4 Bxf4 27. Rxc6 Qxc6 28.
Bxf4 Nxf4 29. Rxf4 Ra8 30. Rf1 Rad8 31. Re1 f4 32. Qxe6 Qxe6 33. Rxe6 b3 34. Kg1
h6 35. Kf2 bxc2 36. Bxc2 Rd4 37. b3 Rfd8 38. Re4 Rxe4 39. Bxe4 g5 40. Kf3 Kg7
41. h4 Kf6 42. hxg5+ hxg5 43. Na5 Rd2 44. b4 Rb2 45. Nc6 Rb3+ 46. Ke2 Re3+ 47.
Kd2 Rxe4 48. b5 Re6 49. Nd4 Rb6 50. Kc3 Ke5 51. Kc4 Ke4 52. Kc5 Rb8 53. Nc6 Rh8
54. b6 g4 55. Nd4 f3 56. gxf3+ gxf3 57. Nxf3 Kxf3 58. b7 Ke4 59. Kc6 Ke5 60. Kc7
Rh7+ 61. Kc6 Rh8 62. Kc7 Rh7+ 63. Kc6 Rxb7 64. Kxb7 1/2-1/2

[Event "World Blitz Women 2022"]
[Site "Almaty KAZ"]
[Date "2022.12.30"]
[Round "16.6"]
[White "Goryachkina, Aleksandra"]
[Black "Abdumalik, Zhansaya"]
[Result "1/2-1/2"]
[WhiteTitle "GM"]
[BlackTitle "GM"]
[WhiteElo "2584"]
[BlackElo "2496"]
[WhiteFideId "4147103"]
[BlackFideId "13703544"]
[EventDate "2022.12.29"]

1. Nf3 Nf6 2. c4 g6 3. Nc3 d5 4. cxd5 Nxd5 5. Qb3 Nb6 6. d4 Bg7 7. Bf4 O-O 8. e3
a5 9. Be2 a4 10. Qc2 Nc6 11. O-O Bf5 12. Qc1 Nb4 13. a3 Nd3 14. Bxd3 Bxd3 15.
Rd1 Bc4 16. Nd2 Ba6 17. Qc2 c6 18. Rac1 Nd5 19. Nxd5 Qxd5 20. Ne4 b5 21. Nc5 Bc8
22. Qc3 Rd8 23. Nd3 Bb7 24. f3 Rac8 25. Kh1 h5 26. h3 h4 27. Qc5 Qe6 28. Be5 Bf8
29. Qc3 Ba8 30. Nc5 Qf5 31. e4 Qh5 32. Bf4 Bg7 33. e5 Rd5 34. Be3 Rcd8 35. Rd2
Bh6 36. Bxh6 Qxh6 37. Rcd1 Qf4 38. Ne4 c5 39. dxc5 Rxd2 40. Rxd2 Rxd2 41. Qxd2
Qxd2 42. Nxd2 f6 43. exf6 exf6 44. Kg1 Kf7 45. Kf2 f5 46. Ke3 Ke6 47. Kd4 g5 48.
Nf1 g4 49. Nd2 Bc6 50. Ke3 Ke5 51. hxg4 fxg4 52. fxg4 Bxg2 53. Kf2 Bc6 54. Nf3+
Kf4 55. Nxh4 Kxg4 56. Ng2 Kf5 57. Ne1 Ke4 58. Ke2 Kd4 59. Kd2 Kxc5 60. Nd3+ Kd4
61. Nb4 Be4 62. Na2 Kc4 63. Nc3 Bf5 64. Ne2 b4 1/2-1/2

[Event "World Blitz Women 2022"]
[Site "Almaty KAZ"]
[Date "2022.12.30"]
[Round "16.7"]
[White "Danielian, Elina"]
[Black "Harika, Dronavalli"]
[Result "0-1"]
[WhiteTitle "GM"]
[BlackTitle "GM"]
[WhiteElo "2431"]
[BlackElo "2507"]
[WhiteFideId "13300210"]
[BlackFideId "5015197"]
[EventDate "2022.12.29"]

1. d4 g6 2. e4 Bg7 3. c3 d6 4. Nf3 Nf6 5. Bd3 O-O 6. O-O Nc6 7. Bg5 h6 8. Bh4 e5
9. dxe5 dxe5 10. Qc2 Qe7 11. Re1 Rd8 12. a4 Be6 13. Nbd2 g5 14. Bg3 Qd7 15. Bb5
g4 16. Rad1 gxf3 17. Nxf3 Qe7 18. Bxc6 bxc6 19. Nxe5 Rxd1 20. Rxd1 Qc5 21. b4
Qb6 22. a5 Qb5 23. Nf3 c5 24. Bxc7 cxb4 25. cxb4 Rc8 26. Nd4 Qd7 27. Nxe6 Qxe6
28. b5 Ne8 29. Rd8 Rxd8 30. Bxd8 Qd7 31. Bh4 0-1

[Event "World Blitz Women 2022"]
[Site "Almaty KAZ"]
[Date "2022.12.30"]
[Round "16.8"]
[White "Gunina, Valentina"]
[Black "Tania, Sachdev"]
[Result "1/2-1/2"]
[WhiteTitle "GM"]
[BlackTitle "IM"]
[WhiteElo "2476"]
[BlackElo "2389"]
[WhiteFideId "4167570"]
[BlackFideId "5007844"]
[EventDate "2022.12.29"]

1. d4 Nf6 2. c4 e6 3. Nf3 b6 4. g3 Bb7 5. Bg2 Be7 6. O-O O-O 7. Re1 d5 8. cxd5
exd5 9. Nc3 Re8 10. Bf4 Bd6 11. Bxd6 Qxd6 12. Rc1 c6 13. Nh4 g6 14. e4 dxe4 15.
Nxe4 Nxe4 16. Bxe4 Nd7 17. Bg2 Nf6 18. Nf3 Rad8 19. Rxe8+ Rxe8 20. Ne5 Rc8 21.
Qb3 Rc7 22. Rd1 Nd5 23. Ng4 Nf6 24. Ne3 c5 25. dxc5 Qxc5 26. Bxb7 Rxb7 27. Qa4
Kg7 28. Qf4 Rd7 29. Rxd7 Nxd7 30. Qa4 Nf6 31. Kg2 a5 32. h4 Nd5 33. Nf1 Nb4 34.
Qb3 Qd5+ 35. Qxd5 Nxd5 36. Kf3 Kf6 37. Nd2 Ke5 38. Ke2 h5 39. Nf3+ Kd6 40. a3 b5
41. Ng5 f6 42. Ne4+ Ke5 43. Kd3 b4 44. Nc5 bxa3 45. bxa3 Kf5 46. Kd4 Nc7 47. a4
g5 48. Ne4 gxh4 49. gxh4 Ne6+ 50. Ke3 Kg4 51. Nxf6+ Kxh4 52. f4 Nc5 53. Kd4 Nxa4
54. Kc4 Nb2+ 55. Kc3 Nd1+ 56. Kb3 Nf2 57. Nxh5 Kxh5 58. Ka4 Kg4 59. Kxa5 1/2-1/2

[Event "World Blitz Women 2022"]
[Site "Almaty KAZ"]
[Date "2022.12.30"]
[Round "16.9"]
[White "Omonova, Umida"]
[Black "Badelka, Olga"]
[Result "0-1"]
[WhiteTitle "WFM"]
[BlackTitle "IM"]
[WhiteElo "2052"]
[BlackElo "2416"]
[WhiteFideId "14210363"]
[BlackFideId "13509926"]
[EventDate "2022.12.29"]

1. e4 e5 2. Nf3 Nc6 3. Bc4 Bc5 4. O-O Nf6 5. d3 h6 6. c3 d6 7. Nbd2 Bb6 8. a4 a5
9. Ba2 g5 10. Nc4 Ba7 11. Ne1 Be6 12. Be3 Bxe3 13. Nxe3 Qd7 14. Nd5 Bxd5 15.
exd5 Ne7 16. Qf3 Qf5 17. Qxf5 Nxf5 18. Nc2 O-O 19. Ne3 Ne7 20. Rad1 Nd7 21. d4
f5 22. Rfe1 e4 23. c4 Nf6 24. c5 Kg7 25. Rc1 Rfc8 26. cxd6 cxd6 27. Nc4 Ra6 28.
Ne3 Rxc1 29. Rxc1 f4 30. Rc7 fxe3 31. fxe3 Kf8 32. Rxb7 Nexd5 0-1

[Event "World Blitz Women 2022"]
[Site "Almaty KAZ"]
[Date "2022.12.30"]
[Round "16.10"]
[White "Paehtz, Elisabeth"]
[Black "Batsiashvili, Nino"]
[Result "1-0"]
[WhiteTitle "GM"]
[BlackTitle "GM"]
[WhiteElo "2464"]
[BlackElo "2493"]
[WhiteFideId "4641833"]
[BlackFideId "13602993"]
[EventDate "2022.12.29"]

1. d4 Nf6 2. Nf3 c5 3. c3 cxd4 4. cxd4 g6 5. Nc3 Bg7 6. e4 d6 7. h3 O-O 8. Be2
Nc6 9. Be3 Bd7 10. O-O Rc8 11. d5 Na5 12. Bd4 a6 13. Rc1 b5 14. b3 b4 15. Nb1
Rxc1 16. Qxc1 Nxe4 17. Bxg7 Kxg7 18. Bxa6 Qb6 19. Bc4 Rc8 20. Nbd2 Nc3 21. Qb2
Nxc4 22. bxc4 Ra8 23. Ra1 Qa5 24. Nd4 Qa3 25. Qc2 Nxa2 26. Qe4 Qc3 27. N2b3 Ra3
28. Qxe7 Ba4 29. Ne6+ 1-0

[Event "World Blitz Women 2022"]
[Site "Almaty KAZ"]
[Date "2022.12.30"]
[Round "16.11"]
[White "Mammadzada, Gunay"]
[Black "Ovod, Evgenija"]
[Result "1-0"]
[WhiteTitle "IM"]
[BlackTitle "IM"]
[WhiteElo "2472"]
[BlackElo "2323"]
[WhiteFideId "13403729"]
[BlackFideId "4131827"]
[EventDate "2022.12.29"]

1. e4 e5 2. Nf3 Nc6 3. Bb5 Nf6 4. O-O Bc5 5. c3 O-O 6. d4 Bb6 7. dxe5 Nxe4 8.
Qd5 Nc5 9. Bg5 Ne7 10. Qd1 a6 11. Bc4 Ne6 12. Bh4 Qe8 13. Qc2 Ng6 14. Bg3 f5 15.
exf6 Rxf6 16. Nbd2 Kh8 17. Rae1 Rf8 18. Bd3 Qf7 19. Ne4 d6 20. Neg5 Nxg5 21.
Nxg5 Qf6 22. Ne4 Qf7 23. Kh1 Bf5 24. Ng5 Qf6 25. Ne4 Qf7 26. f4 h6 27. Nd2 Bxd3
28. Qxd3 Rae8 29. Rxe8 Rxe8 30. Nc4 Bc5 31. b4 b5 32. bxc5 bxc4 33. Qd4 dxc5 34.
Qxc5 Ne7 35. Qxc7 Qf6 36. Re1 Kg8 37. Qxc4+ 1-0

[Event "World Blitz Women 2022"]
[Site "Almaty KAZ"]
[Date "2022.12.30"]
[Round "16.12"]
[White "Frayna, Janelle Mae"]
[Black "Zatonskih, Anna"]
[Result "0-1"]
[WhiteTitle "WGM"]
[BlackTitle "IM"]
[WhiteElo "2265"]
[BlackElo "2349"]
[WhiteFideId "5212499"]
[BlackFideId "14101572"]
[EventDate "2022.12.29"]

1. e4 e6 2. d4 d5 3. Nd2 c5 4. Ngf3 Nc6 5. exd5 exd5 6. dxc5 Bxc5 7. Bd3 Nf6 8.
O-O O-O 9. h3 h6 10. a3 Re8 11. b4 Bb6 12. Bb2 Ne4 13. c4 Nxd2 14. Qxd2 dxc4 15.
Bxc4 Qxd2 16. Nxd2 Be6 17. Rad1 Rad8 18. Bxe6 Rxe6 19. Nc4 Rxd1 20. Rxd1 Bc7 21.
Ne3 Re8 22. Rd7 Re7 23. Rxe7 Nxe7 24. Kf1 Kf8 25. b5 g6 26. Bd4 a6 27. a4 axb5
28. axb5 Ke8 29. Ke2 Kd7 30. Kd3 Nc8 31. Nc4 Nd6 32. Nxd6 Bxd6 33. Kc4 Ke6 34.
Be3 h5 35. g4 hxg4 36. hxg4 Ke5 37. Bc5 Bc7 38. Kd3 Kd5 39. Be3 Bd6 40. Bd4 Bc5
41. Bc3 Bxf2 42. Bb4 Bc5 43. Bd2 Bd6 44. Be3 Be5 45. Bf2 f5 46. gxf5 gxf5 47.
Be3 Bd6 48. Bf2 f4 49. Kc3 Bc5 50. Bh4 f3 51. Kd3 f2 52. Ke2 Kc4 53. Bxf2 Bxf2
54. Kxf2 Kxb5 55. Ke2 Ka4 56. Kd2 Ka3 57. Kc2 b5 0-1

[Event "World Blitz Women 2022"]
[Site "Almaty KAZ"]
[Date "2022.12.30"]
[Round "16.13"]
[White "Padmini, Rout"]
[Black "Ushenina, Anna"]
[Result "1-0"]
[WhiteTitle "IM"]
[BlackTitle "GM"]
[WhiteElo "2389"]
[BlackElo "2454"]
[WhiteFideId "5029295"]
[BlackFideId "14110911"]
[EventDate "2022.12.29"]

1. e4 c5 2. Nf3 e6 3. d4 cxd4 4. Nxd4 a6 5. c4 Qc7 6. Nc3 Nf6 7. Be2 Bb4 8. f3
Nc6 9. Nxc6 dxc6 10. O-O O-O 11. Be3 e5 12. Qc2 Be6 13. c5 Qe7 14. Na4 Nd7 15.
a3 Ba5 16. b4 Bc7 17. Nb2 Rad8 18. Nc4 f5 19. Rad1 fxe4 20. fxe4 Qh4 21. Nd6 Nf6
22. Bc4 Bd5 23. exd5 Ng4 24. dxc6+ Kh8 25. Rxf8+ Rxf8 26. g3 Qh5 27. Qe2 Bxd6
28. cxd6 Qg6 29. Bc5 bxc6 30. d7 Rd8 31. Bb6 Rxd7 1-0

[Event "World Blitz Women 2022"]
[Site "Almaty KAZ"]
[Date "2022.12.30"]
[Round "16.14"]
[White "Khamdamova, Afruza"]
[Black "Injac, Teodora"]
[Result "1/2-1/2"]
[WhiteTitle "WFM"]
[BlackTitle "WGM"]
[WhiteElo "2139"]
[BlackElo "2365"]
[WhiteFideId "14210444"]
[BlackFideId "932400"]
[EventDate "2022.12.29"]

1. e4 e5 2. Nf3 Nc6 3. Bb5 a6 4. Ba4 Nf6 5. O-O Be7 6. Re1 b5 7. Bb3 d6 8. c3
O-O 9. h3 Nb8 10. d4 Nbd7 11. Nbd2 Bb7 12. Bc2 Re8 13. Nf1 Bf8 14. Ng3 g6 15. a4
c5 16. d5 c4 17. Bg5 Be7 18. Qd2 Nc5 19. Bh6 Bf8 20. Bxf8 Rxf8 21. Qh6 Re8 22.
Nh4 Kh8 23. axb5 axb5 24. Rxa8 Bxa8 25. Qg5 Nfd7 26. Qxd8 Rxd8 27. Ra1 Nb6 28.
Ra5 f5 29. Rxb5 Nbd7 30. exf5 g5 31. Nf3 h6 32. Be4 Nf6 33. Bc2 Bxd5 34. Nxe5
dxe5 35. Rxc5 Rb8 36. Bd1 Rxb2 37. Be2 Rb1+ 38. Kh2 Rc1 39. Rc8+ Kg7 40. Bxc4
Rxc3 41. Ba6 Ra3 42. Rc7+ Kf8 43. Bc8 h5 44. Be6 h4 45. Nf1 Ra2 46. Kg1 Bxe6 47.
fxe6 Nd5 48. Rf7+ Ke8 49. Rf5 Re2 50. Rxg5 Re1 51. g3 Ke7 52. gxh4 Kxe6 53. Rg3
Nf4 54. Re3 Rc1 55. Rf3 Kd5 56. Re3 Ke6 57. Rf3 Kf5 58. h5 Kg5 59. h6 Kxh6 60.
Re3 Kg6 61. Rxe5 Nxh3+ 62. Kg2 Nf4+ 63. Kg1 Nh3+ 64. Kg2 Nf4+ 65. Kg1 Nh3+ 66.
Kg2 1/2-1/2

[Event "World Blitz Women 2022"]
[Site "Almaty KAZ"]
[Date "2022.12.30"]
[Round "16.15"]
[White "Druzhinina, Olga"]
[Black "Savitha, Shri B"]
[Result "0-1"]
[BlackTitle "WIM"]
[WhiteElo "2245"]
[BlackElo "2411"]
[WhiteFideId "4141911"]
[BlackFideId "35061887"]
[EventDate "2022.12.29"]

1. e4 c5 2. Nf3 d6 3. Bb5+ Bd7 4. Bxd7+ Qxd7 5. O-O Nf6 6. Re1 e5 7. c3 Be7 8.
d4 Qc7 9. Na3 Nbd7 10. Bg5 O-O 11. Rc1 a6 12. Nc4 b5 13. Ne3 h6 14. Nf5 Rfe8 15.
Bh4 Bf8 16. Qd2 exd4 17. cxd4 Nxe4 18. Qf4 Qb7 19. Qg4 g6 20. Ne3 Ndf6 21. Bxf6
Nxf6 22. Qh4 Re4 23. Qxf6 Be7 24. Qxe7 Rxe7 25. dxc5 dxc5 26. Rxc5 Rc8 27. Rec1
Rxc5 28. Rxc5 Rc7 29. Rxc7 Qxc7 30. h3 Qc1+ 31. Kh2 Qxb2 0-1

[Event "World Blitz Women 2022"]
[Site "Almaty KAZ"]
[Date "2022.12.30"]
[Round "16.16"]
[White "Nomin-Erdene, Davaademberel"]
[Black "Girya, Olga"]
[Result "1-0"]
[WhiteTitle "IM"]
[BlackTitle "GM"]
[WhiteElo "2384"]
[BlackElo "2398"]
[WhiteFideId "4900782"]
[BlackFideId "4195752"]
[EventDate "2022.12.29"]

1. f4 d5 2. Nf3 Nf6 3. g3 Bf5 4. Bg2 e6 5. d3 Be7 6. e3 c5 7. Qe2 Nc6 8. Nc3 d4
9. Nd1 dxe3 10. Nxe3 Bg6 11. O-O O-O 12. Nc4 Nd5 13. Nce5 Nxe5 14. Nxe5 Bf6 15.
a3 Qd6 16. Nxg6 hxg6 17. c4 Ne7 18. Bxb7 Rab8 19. Be4 Nf5 20. Rb1 Nd4 21. Qg2
Rb3 22. g4 Rfb8 23. g5 Be7 24. Rf2 Rxa3 25. Bd2 Rab3 26. Be3 Nf5 27. Bxf5 exf5
28. Ra1 Rxd3 29. Re2 Rd1+ 30. Rxd1 Qxd1+ 31. Qf1 Qxf1+ 32. Kxf1 Bd6 33. Rd2 Rb6
34. Ke2 Kf8 35. Kd3 Rb3+ 36. Ke2 Ke7 37. h4 Rb4 38. Kd3 Rb3+ 39. Ke2 a5 40. Rc2
a4 41. Rd2 Ke6 42. Rc2 f6 43. Rd2 fxg5 44. hxg5 Rb8 45. Kf2 Rb4 46. Rc2 Rb3 47.
Ke2 Rb8 48. Kf2 Rh8 49. Kg2 Rb8 50. Kf2 Kd7 51. Rd2 Kc6 52. Rc2 Rb7 53. Rd2 Re7
54. Rc2 Re8 55. Kf3 Rh8 56. Kg2 Rb8 57. Kf2 Bc7 58. Rd2 Ba5 59. Re2 Rh8 60. Kg2
Re8 61. Kf3 Rd8 62. Bc1 Rd3+ 63. Kg2 Rd4 64. Re6+ Kd7 65. Rxg6 Rxc4 66. Rxg7+
Ke6 67. Be3 Re4 68. Rg6+ Kd5 69. Kf3 Rb4 70. Ra6 Bb6 71. g6 Rb3 72. g7 c4 73.
Rxb6 1-0

[Event "World Blitz Women 2022"]
[Site "Almaty KAZ"]
[Date "2022.12.30"]
[Round "16.17"]
[White "Buksa, Nataliya"]
[Black "Kamalidenova, Meruert"]
[Result "1-0"]
[WhiteTitle "IM"]
[BlackTitle "WIM"]
[WhiteElo "2405"]
[BlackElo "2377"]
[WhiteFideId "14123622"]
[BlackFideId "13712802"]
[EventDate "2022.12.29"]

1. d4 Nf6 2. Nc3 d5 3. Bf4 e6 4. Nb5 Na6 5. e3 Be7 6. Nf3 O-O 7. Be2 c6 8. Nc3
Nc7 9. O-O c5 10. h3 b6 11. Ne5 Bb7 12. a4 Nd7 13. a5 f6 14. Nxd7 Qxd7 15. Bf3
Bd6 16. Bxd6 Qxd6 17. dxc5 bxc5 18. Ne4 Qe7 19. Ng3 Rab8 20. Re1 Rfd8 21. Qc1
Qd7 22. c3 Ba6 23. Rd1 Qb5 24. Rd2 Ne8 25. Be2 Qb7 26. Bxa6 Qxa6 27. Qd1 Nd6 28.
Qg4 Kf7 29. Nh5 g6 30. Nf4 Nc4 31. Re2 Rd6 32. e4 d4 33. cxd4 cxd4 34. Nd3 e5
35. Qf3 Kg7 36. Rc2 Qb5 37. b4 Rd7 38. Rac1 Nd6 39. Rc6 Rbd8 40. R1c5 Qa4 41.
Rc7 Qa1+ 42. Kh2 Qb1 43. Rxd7+ Rxd7 44. Qg4 Re7 45. Qf3 Qa2 46. Rc6 Rd7 47. Nc5
Rd8 48. Rc7+ Nf7 49. Qg4 Rd6 50. Qh4 d3 51. Qg4 d2 52. Qd1 Qb2 53. Nb7 Rd4 54.
Rc2 Qxb4 55. Nc5 Rd6 56. a6 Qd4 57. f3 Qe3 58. Nb7 Rd4 59. Nc5 Rd6 60. Nb7 Rxa6
61. Rxd2 Qb6 62. Rd7 Ra2 63. Nd8 Qf2 64. Rxf7+ Kh6 65. Qg1 Qe3 66. Rb7 Rc2 67.
Rb1 a5 68. Nf7+ Kg7 69. Nd6 a4 70. Qxe3 1-0

[Event "World Blitz Women 2022"]
[Site "Almaty KAZ"]
[Date "2022.12.30"]
[Round "16.18"]
[White "Khotenashvili, Bela"]
[Black "Balajayeva, Khanim"]
[Result "1-0"]
[WhiteTitle "GM"]
[BlackTitle "WGM"]
[WhiteElo "2485"]
[BlackElo "2379"]
[WhiteFideId "13602640"]
[BlackFideId "13406396"]
[EventDate "2022.12.29"]

1. Nf3 d5 2. g3 Nf6 3. Bg2 c6 4. O-O Bf5 5. d3 h6 6. c4 e6 7. cxd5 exd5 8. Nd4
Bh7 9. e4 Be7 10. Nc3 dxe4 11. dxe4 O-O 12. e5 Nd5 13. Nxd5 cxd5 14. e6 Nc6 15.
exf7+ Rxf7 16. Ne6 Qd6 17. Qxd5 Qxd5 18. Bxd5 Nb4 19. Bb3 Nc2 20. Rb1 Nb4 21.
Be3 Bxb1 22. Rxb1 Bf6 23. Nc5 Kf8 24. a3 Nc6 25. Bxf7 Kxf7 26. Nxb7 Rb8 27. Nd6+
Ke6 28. Nc4 Ne5 29. Nxe5 Bxe5 30. Bxa7 Rb3 31. a4 Kd5 32. a5 Bxb2 33. a6 Kc4 34.
Be3 Kc3 35. a7 Ra3 36. Rd1 Kc4 37. Rd8 1-0

[Event "World Blitz Women 2022"]
[Site "Almaty KAZ"]
[Date "2022.12.30"]
[Round "16.19"]
[White "Javakhishvili, Lela"]
[Black "Tokhirjonova, Gulrukhbegim"]
[Result "1/2-1/2"]
[WhiteTitle "IM"]
[BlackTitle "WGM"]
[WhiteElo "2440"]
[BlackElo "2328"]
[WhiteFideId "13601458"]
[BlackFideId "14203626"]
[EventDate "2022.12.29"]

1. d4 Nf6 2. c4 e6 3. Nf3 d5 4. Nc3 Bb4 5. cxd5 exd5 6. Bg5 Nbd7 7. e3 h6 8. Bh4
g5 9. Bg3 Ne4 10. Nd2 Nxc3 11. bxc3 Bxc3 12. Rc1 Bxd2+ 13. Qxd2 c6 14. h4 Qf6
15. hxg5 hxg5 16. Rxh8+ Qxh8 17. e4 dxe4 18. Qxg5 Qxd4 19. Qg8+ Nf8 20. Bc4 Be6
21. Bxe6 fxe6 22. Rd1 Qb4+ 23. Kf1 Rd8 24. Rxd8+ Kxd8 25. Qf7 Qb1+ 26. Ke2 Qxa2+
27. Ke3 Qb3+ 28. Kxe4 Qd5+ 29. Ke3 Qc5+ 30. Ke2 Qc4+ 31. Ke1 Qe4+ 32. Kf1 Qd3+
33. Ke1 Qe4+ 34. Kf1 Nd7 35. Qg8+ Ke7 36. Qg7+ Ke8 37. Qg8+ Nf8 38. Kg1 Qb1+ 39.
Kh2 Qh7+ 40. Qxh7 Nxh7 41. Bb8 a5 42. g4 b5 43. f4 b4 44. Bd6 b3 45. Ba3 Kf7 46.
Kg3 Nf6 47. Kf3 Kg6 48. g5 Nd5 49. Ke4 Nc3+ 50. Ke5 Ne2 51. Kxe6 Nxf4+ 52. Kd6
Nd3 53. Kxc6 b2 54. Bxb2 Nxb2 55. Kb5 a4 56. Kb4 Kxg5 57. Ka3 Kf5 58. Kxb2 1/2-1/2

[Event "World Blitz Women 2022"]
[Site "Almaty KAZ"]
[Date "2022.12.30"]
[Round "16.20"]
[White "Muminova, Nafisa"]
[Black "Osmak, Yuliia"]
[Result "0-1"]
[WhiteTitle "WGM"]
[BlackTitle "IM"]
[WhiteElo "2274"]
[BlackElo "2451"]
[WhiteFideId "14201526"]
[BlackFideId "14101602"]
[EventDate "2022.12.29"]

1. e4 Nc6 2. Nf3 d6 3. d4 Bg4 4. Be2 Nf6 5. Nc3 e5 6. d5 Ne7 7. Be3 Ng6 8. h3
Bd7 9. Qd2 Be7 10. O-O-O c6 11. g3 cxd5 12. exd5 a6 13. h4 h5 14. Ng5 b5 15. Bd3
Qa5 16. Kb1 b4 17. Ne2 Nf8 18. Bc4 Bb5 19. Bb3 N8d7 20. f4 Ng4 21. fxe5 Ndxe5
22. Nd4 O-O 23. Nf5 Bxg5 24. Bxg5 Qc7 25. Bf4 a5 26. Bxe5 Nxe5 27. Qg5 g6 28.
Ne7+ Kh7 29. g4 f6 30. Qf4 Qxe7 31. gxh5 a4 32. hxg6+ Nxg6 33. Qxb4 axb3 34.
Qxb5 bxc2+ 35. Kxc2 Qe4+ 36. Qd3 Qxd3+ 37. Rxd3 Rxa2 38. Rc3 Rf7 39. h5 Nf4 40.
Rc6 Rd7 41. Rd1 Ra5 42. b4 Rxd5 43. Rf1 Nxh5 44. Rc4 Kg6 45. Rg4+ Rg5 46. Re4 d5
47. Re6 Rf5 48. Rg1+ Rg5 49. Rf1 Rf7 50. b5 Rg2+ 51. Kb3 Rb7 52. b6 Kg5 53. Rd6
Nf4 54. Rf3 f5 55. Rc3 Rg1 56. Rcc6 Rb1+ 57. Kc2 Rb5 58. Rf6 d4 59. Kd2 d3 60.
Ke3 Re5+ 61. Kd2 Re2+ 62. Kd1 Rb2 63. Rfd6 Kg4 64. Rf6 Nd5 65. Rg6+ Kf4 66. Rc4+
Kf3 67. Rd4 Ne3+ 68. Kc1 R2xb6 69. Rxd3 Rxg6 0-1

[Event "World Blitz Women 2022"]
[Site "Almaty KAZ"]
[Date "2022.12.30"]
[Round "16.21"]
[White "Bivol, Alina"]
[Black "Garifullina, Leya"]
[Result "0-1"]
[WhiteTitle "IM"]
[BlackTitle "IM"]
[WhiteElo "2364"]
[BlackElo "2357"]
[WhiteFideId "4100123"]
[BlackFideId "34127035"]
[EventDate "2022.12.29"]

1. e4 c5 2. Nf3 d6 3. d4 cxd4 4. Nxd4 Nf6 5. Nc3 a6 6. Be2 e5 7. Nf3 Be7 8. Bg5
Be6 9. Bxf6 Bxf6 10. O-O O-O 11. Nd5 Nd7 12. Qd2 Rc8 13. c3 Be7 14. Rfd1 Bxd5
15. Qxd5 Qb6 16. Qd2 Nf6 17. Bd3 d5 18. Nxe5 dxe4 19. Bc4 Qc7 20. Bxf7+ Rxf7 21.
Nxf7 Kxf7 22. Qc2 Qb6 23. b4 Qe6 24. Qd2 h6 25. h3 Qe5 26. Rac1 Kg8 27. c4 Bd8 0-1

[Event "World Blitz Women 2022"]
[Site "Almaty KAZ"]
[Date "2022.12.30"]
[Round "16.22"]
[White "Maltsevskaya, Aleksandra"]
[Black "Hajiyeva, Laman"]
[Result "1-0"]
[WhiteTitle "IM"]
[BlackTitle "WFM"]
[WhiteElo "2400"]
[BlackElo "2135"]
[WhiteFideId "24174041"]
[BlackFideId "13415875"]
[EventDate "2022.12.29"]

1. e4 c6 2. d4 d5 3. e5 Bf5 4. c4 e6 5. h4 h5 6. Nc3 Ne7 7. Nge2 dxc4 8. Ng3 Bg6
9. Bxc4 Nd5 10. Bg5 Qa5 11. O-O Nxc3 12. bxc3 Qxc3 13. Rc1 Qa3 14. d5 exd5 15.
Bxd5 Be7 16. Bb3 Bxg5 17. hxg5 h4 18. Ne2 Qe7 19. e6 fxe6 20. Nf4 Bf5 21. Nxe6
Bxe6 22. Bxe6 Nd7 23. Bxd7+ Qxd7 24. Re1+ Kd8 25. Qa4 Kc8 26. Red1 Qe6 27. Qf4
h3 28. Rd6 Qe8 29. Qf5+ Kc7 30. Re6 Qh5 31. Qe5+ Kc8 32. Re7 1-0

[Event "World Blitz Women 2022"]
[Site "Almaty KAZ"]
[Date "2022.12.30"]
[Round "16.23"]
[White "Mammadova, Gulnar"]
[Black "Borisova, Ekaterina"]
[Result "0-1"]
[WhiteTitle "IM"]
[BlackTitle "FM"]
[WhiteElo "2376"]
[BlackElo "2223"]
[WhiteFideId "13403508"]
[BlackFideId "34124184"]
[EventDate "2022.12.29"]

1. e4 e5 2. Nf3 Nc6 3. Bb5 a6 4. Ba4 f5 5. d3 fxe4 6. dxe4 Nf6 7. Qe2 d6 8. c3
Be7 9. Bb3 Na5 10. Bc2 O-O 11. b4 Nc6 12. Bb3+ Kh8 13. Nbd2 Bg4 14. h3 Bh5 15.
Nf1 Bg6 16. Ng3 Nh5 17. O-O Nf4 18. Bxf4 Rxf4 19. Qe3 Rf8 20. Bc2 Qe8 21. Nf5
Nd8 22. Nxe7 Qxe7 23. Qg5 Qe8 24. Nh4 Rf6 25. f4 Ne6 26. Qg4 Bh5 27. Qg3 Nxf4
28. Kh1 Qf7 29. Bb3 Qf8 30. Qg5 Nxh3 31. Qxh5 Rxf1+ 32. Kh2 Nf4 33. Rxf1 Nxh5
34. Rxf8+ Rxf8 35. Nf5 g6 36. Ne3 Rf2 37. Nd5 c6 38. Nc7 Nf4 39. Kg3 Rxg2+ 40.
Kf3 Rd2 41. Ke3 Rd3+ 42. Kf2 Rxc3 43. Ne8 d5 44. Nd6 Kg7 45. Nxb7 d4 46. Nc5
Nd3+ 47. Nxd3 Rxd3 48. Bc4 Ra3 49. Ke2 h5 50. Kd2 h4 51. Be6 h3 0-1

[Event "World Blitz Women 2022"]
[Site "Almaty KAZ"]
[Date "2022.12.30"]
[Round "16.24"]
[White "Charochkina, Daria"]
[Black "Gaboyan, Susanna"]
[Result "0-1"]
[WhiteTitle "IM"]
[BlackTitle "WIM"]
[WhiteElo "2344"]
[BlackElo "2200"]
[WhiteFideId "4180917"]
[BlackFideId "13303627"]
[EventDate "2022.12.29"]

1. d4 Nf6 2. Bg5 d5 3. Bxf6 exf6 4. e3 Bd6 5. c4 dxc4 6. Bxc4 O-O 7. Nc3 c6 8.
Qc2 g6 9. h4 h5 10. O-O-O Kg7 11. f3 b5 12. Bd3 f5 13. Nge2 Be6 14. e4 fxe4 15.
fxe4 b4 16. Na4 b3 17. axb3 a5 18. Kb1 Na6 19. e5 Nb4 20. Qc3 Be7 21. Nf4 Bg4
22. Rd2 Bxh4 23. Be4 Bg5 24. g3 Nd5 25. Bxd5 cxd5 26. Nc5 Rc8 27. Qe3 Re8 28.
Rc1 Qb6 29. Qf2 Rxc5 30. Rxc5 Qxb3 31. Rc3 Bf5+ 32. Ka1 Qb4 33. Qe3 Rb8 34. e6
fxe6 35. Nxe6+ Bxe6 36. Qxe6 Bxd2 37. Qe5+ Kh6 0-1